00930nas a2200229Ia 4500001001100000003000900011008004100020040001300061040001300074041001300087100004500100210001400145222001400159245005900173250001100232260004100243501008600284300001800370362002500388500024800413650003900661R703/B9373IT-RoPAU151124c99999999xx |||||||||||| ||und|| aIT-RoPAU cIT-RoPAU aFRANCESE aMounin GeorgesgCodice Aut. SPICS: 3498 aSEMIOTICA aSemiotica aSEMIOTICA, VOL.96-N.1/2 (1993)bPeinture Et Semiologie a1a ed. aBERLINbWALTER DE GRUYTER & COc1993 bPaulus - SPICS - Società€ San Paolo EM (non-commercial uses only)cCopyright2015 a15 p. [71-85] aVOL.96, N.1/2 (1993) aPittura e Semiologia. Problema Delle Significazioni: Biografica, Psicologica, Sociologica, Storica, Ideologica, Antropologica, Intellettuale, Profonda, Estetica. Estetica della Recezione. Segni, Segnali e Stimoli. Eternità€ dell'Opera D'Arte. aSEMIOTICAvPUBBLICAZIONE PERIODICA